I bambini di Torey Hayden (Record n. 209786)

Dettagli MARC
000 -LEADER
fixed length control field 01456nam a2200217Ia 4500
001 - CONTROL NUMBER
control field b7182-53319
003 - CONTROL NUMBER IDENTIFIER
control field IT-MiCISF
008 - FIXED-LENGTH DATA ELEMENTS--GENERAL INFORMATION
fixed length control field 161014s9999||||xx |||||||||||||| ||und||
040 ## - CATALOGING SOURCE
Original cataloging agency IT-MiCISF
Transcribing agency IT-MiCISF
041 ## - LANGUAGE CODE
Language code of text/sound track or separate title it
999 ## - SYSTEM CONTROL NUMBERS (KOHA)
Koha Dewey Subclass [OBSOLETE] si
100 ## - MAIN ENTRY--PERSONAL NAME
Personal name Hayden Torey L.
245 #0 - TITLE STATEMENT
Title I bambini di Torey Hayden
250 ## - EDITION STATEMENT
Edition statement 1a ed.
260 ## - PUBLICATION, DISTRIBUTION, ETC. (IMPRINT)
Place of publication, distribution, etc. Milano
Name of publisher, distributor, etc. Corbaccio-Garzanti
Date of publication, distribution, etc. 2012 [Edizione originale: 2012]
300 ## - PHYSICAL DESCRIPTION
Extent pp.326
500 ## - GENERAL NOTE
General note / educazione-bambini, disturbi-sviluppo, esperienze, apprendimento, problemi-educazione, problemi-apprendimento / Per anni Torey Hayden ha insegnato in classi speciali e a bambini "difficili": da questa sua esperienza sono nati alcuni fra i suoi racconti più belli. In questo libro, la Hayden insieme a M. Marlowe, professore universitario che si occupa di formazione degli insegnanti, analizza quello che col tempo è diventato un vero e proprio metodo di insegnamento. Torey Hayden si rifà alle sue storie e le utilizza per inquadrare le relazioni con i ragazzi. Insegnanti, studenti, genitori e figli ritroveranno negli esempi contenuti tutta l'umanità e la passione che la Hayden ha profuso nei suoi libri e uno strumento fondamentale per impostare un rapporto basato sull'amore, sulla comprensione e sul rispetto reciproci, fra adulti e ragazzi - difficili, problematici - ma anche semplicemente "ragazzi".
650 ## - SUBJECT ADDED ENTRY--TOPICAL TERM
Topical term or geographic name as entry element educazione
700 ## - ADDED ENTRY--PERSONAL NAME
Personal name Marlowe Michael J.
942 ## - ADDED ENTRY ELEMENTS (KOHA)
Koha item type LIBRO
957 ## -
-- 1
999 ## - SYSTEM CONTROL NUMBERS (KOHA)
-- 1
Dati di copia
Withdrawn status Lost status Damaged status Not for loan Home library Current library Date acquired Total Checkouts Full call number Date last seen Price effective from Koha item type Public note
    Buone Condizioni Not For Loan CISF - Milano CISF - Milano 14/10/2016   b7182-53319 14/10/2016 14/10/2016 LIBRO Data import 15.10.2016 / by Epidotti, Vaglietti
CREDITS: SOCIETA' SAN PAOLO Via A.Severo, 58 - ROMA (RM) & PERIODICI SAN PAOLO SRL Via Giotto, 36 MILANO & CISF Via Giotto, 36 MILANO & EDIZIONI SAN PAOLO SRL,  Piazza Soncino, 5 CINISELLO BALSAMO (MI) -- ITALY